000
00214nam a22000857a 4500
008
170302b xxu||||| |||| 00| 0 eng d
100
_9
3006
_a
Paces.S.E
245
_a
Modern Short Story
260
_a
New Delhi
_b
S.Chand
_c
2010
999
_c
6249
_d
6249